Top 30 countries with Smith as surname - Statistics

General Stats
  • This quiz has been taken 168 times
    145 since last reset
  • The average score is 18 of 30
Answer Stats
Number Answer % Correct
2,552,459 USA
100%
177,152 Canada
97%
15,090 Ireland
96%
184,513 Australia
95%
16,920 New Zealand
94%
395,915 England
86%
16,667 France
86%
43,887 Scotland
82%
19,698 Wales
82%
233,996 South Africa
81%
17,013 Mexico
78%
16,345 Brazil
72%
40,995 Jamaica
72%
7,720 Argentina
66%
6,856 Northern Ireland
64%
6,786 Bahamas
63%
162,311 Nigeria
57%
9,809 Kenya
53%
9,470 Cuba
48%
44,093 Ghana
46%
12,229 Haiti
42%
14,750 Uganda
38%
7,411 Malaysia
37%
8,354 Poland
34%
22,263 Liberia
31%
15,045 Sierra Leone
30%
8,468 Papua New Guinea
27%
7,998 Togo
26%
13,411 Mozambique
19%
8,301 Algeria
18%
No matching quizzes found
Score Distribution
Percent of People with Each Score
Percentile by Number Answered
Your Score History
You have not taken this quiz since the last reset